000 00680nas a2200229 4500
001 BR7701541
003 BR-BrBNA
005 20231205083133.0
007 ta
008 230509b bl.|||p| |||| 00| 00por d
040 _aBR-BrBNA
_bpor
_cBiblioteca Nacional de Agricultura
041 _a(En)
072 _aF30
100 1 _aBarbosa, H.M.
245 1 _aSmall germ: a recessive lethal mutation in maize [milho, mutacao]
650 _aMELHORAMENTO GENETICO VEGETAL
650 _aMILHO
650 _aMUTACAO
773 0 _tRevista Ceres (Brazil)
_xISSN 0034-737X
_g(Jul 1977), v. 24(134) p. 420-422
_wBR7701541
909 _a202311
_bLúcia
_c55
_dLúcia Elande
942 _2AGRIS
_n0
_cANA
999 _c96661
_d96661